00970cam a2200277Mc 4500001000700000003000600007005001700013008004100030020001500071020001800086035002400104035002100128040004800149082001300197100002400210245006600234250001800300260005200318300001100370500010700381650003300488650003400521650004900555650005000604655003800654454413GBCCL20241126110527.0010817r20001984mau 000 0 eng d a1565633652 a9781565638679 a(OCoLC)ocn460506353 a(OCoLC)460506353 aDKDLAbdancDKDLAdLIBROdOCLCOdOCLCFdLBB a273bBRO1 aBrown, Harold O. J.10aHeresies :bheresy and orthodoxy in the history of the church a4th. printing aPeabody, Mass. :bHendrickson Publishers,c2007 a486 p. aFirst publ. 1984 under the title: Heresies : the image of Christ in the mirror of heresy and orthodoxy 0aChristian heresiesxHistory. 0aTheology, DoctrinalxHistory. 7aChristian heresies2fast0(OCoLC)fst01727964 7aTheology, Doctrinal2fast0(OCoLC)fst01149617 7aHistory2fast0(OCoLC)fst01411628